000 00372nam a2200145Ia 4500
008 230917s9999||||xx |||||||||||||| ||und||
040 _e62932
_aMAIN
041 _aEnglish
082 _a320.07 B751P
100 _aBrennan, Tom
245 0 _aPolitical education and democracy
260 _aCambridge
_bCambridge University Press
_c1981
300 _a149 p.
942 _cBK
999 _c231459
_d231459